Country by first initial of bordering countries - Statistics

General Stats
  • This quiz has been taken 15 times
  • The average score is 4 of 10
Answer Stats
Hint Answer % Correct
I,I,J,L,T Syria
100%
E,G,N Honduras
60%
A,F,G,I,L Switzerland
50%
E,S,S,T,U Kenya
40%
A,C,I,I Pakistan
40%
B,C,G,L,R,S,U Poland
30%
E,M,P Indonesia
20%
C,K,T,U Kyrgyzstan
20%
B,C,G Venezuela
20%
B,C,C,N Nigeria
10%
No matching quizzes found
Score Distribution
Percent of People with Each Score
Percentile by Number Answered
Your Score History
You have not taken this quiz